000 00590nam a2200181 a 4500
001 15804
003 CO-ViMGA
008 141112s2004 ck r 000 u spa d
040 _aCO-ViMGA
_bspa
_cCO-ViMGA
082 0 4 _a342.86 C656e
100 1 _aColombia : Ministerio de Justicia y del Derecho,
245 1 0 _aEvaluación cuantitativa de la Justicia :
_bPeríodo de 1994
260 _aBogotá,
_cImprenta Nacional,
_c1998
300 _a77.p.
590 _aForma de adquisición : Donación - - Precio :
_10.000
650 1 4 _aADMINISTRACION DE JUSTICIA - COLOMBIA
_922739
942 _2ddc
_cBK
999 _c25878
_d25878